| 000 | 00657nam a2200193Ii 4500 | ||
|---|---|---|---|
| 003 | JO-AjNU | ||
| 008 | 230605s9999||||xx |||||||||||||| ||und|| | ||
| 040 |
_aJO-AjNU _bara _erda _cJO-AjNU |
||
| 041 | _aara | ||
| 050 | 1 | 4 | _aH61.8.K576.1982 |
| 100 | 3 |
_aمحمد بهجت كشك, _eauthor _919514 |
|
| 245 | 0 | 0 | _aالاتصال ووسائله في الخدمة الاجتماعية |
| 264 | 3 | 1 | _aالاسكندرية:المكتب الجامعي الحديث،1982 |
| 300 | _a220ص | ||
| 336 |
_atext _btxt _2rdacontent |
||
| 337 |
_aunmediated _bn _2rdamedia |
||
| 338 |
_avolume _bnc _2rdacarrier |
||
| 650 | 4 |
_aالاتصال-علم الاجتماع _919515 |
|
| 999 |
_aA6453 _c10021 _d10021 |
||